| 000 | 00636nam a2200205 a 4500 | ||
|---|---|---|---|
| 001 | BRCA_6126 | ||
| 005 | 20190320205337.0 | ||
| 008 | 040711s1918----mx-abo####---#000-0#ger-# | ||
| 041 | _ager | ||
| 044 | _amx | ||
| 050 | 4 |
_aDD526 _b.F58 1918 |
|
| 245 | 1 | 0 |
_aFlucht Örterreich _bUngarischer offiziere aus sibirischer nach Mexiko. _cvon Erhard A. Kletzl und Hermann Ehrnereich. |
| 260 |
_aMéxico _bDruck von Muller _c1918 |
||
| 300 |
_a179 p. _bil., mapas, fotografías _c17 cm. |
||
| 500 | _aI31 | ||
| 505 | 0 | _aContenido: 2 mapas de cuarteles alemanes | |
| 651 | 4 |
_aGuerra Europea _y1914-1918 _915459 |
|
| 902 | _aGFM | ||
| 942 |
_2lcc _cB |
||
| 999 |
_c5813 _d5813 |
||